| 000 | 00728nam a2200253Ia 4500 | ||
|---|---|---|---|
| 003 | OSt | ||
| 005 | 20221005035606.0 | ||
| 006 | a|||||r|||| 00| 0 | ||
| 007 | ta | ||
| 008 | 221004b |||||||| |||| 00| 0 urd d | ||
| 020 |
_a8189461303 (hbk) _c300 |
||
| 024 | _a23834 | ||
| 037 |
_b4621, 31/12/2015, Kitabi Duniya _cTextual |
||
| 040 |
_aCRL _cCRL _burd |
||
| 041 |
_2urd _aurd |
||
| 082 | _aO168,1N119x, P6 | ||
| 100 |
_aAbbas, Zawwar _9588424 |
||
| 245 | 0 | _aNuqoosh-e-Vela | |
| 260 |
_aDelhi _bKitabi Duniya India _c2006 |
||
| 300 |
_a350p. _ccm. |
||
| 650 | _aURDU POETRY | ||
| 942 |
_hO168,1N119x, P6 _cTEXL _2cc |
||
| 999 |
_c945429 _d945429 |
||